Together with AIEEE mathematics including mathematical reasoning / (Record no. 44485)
[ view plain ]
| 000 -LEADER | |
|---|---|
| fixed length control field | 00717nam a22002057a 4500 |
| 005 - DATE AND TIME OF LATEST TRANSACTION | |
| control field | 20100908135416.0 |
| 010 ## - LCCN (DPL NO) | |
| LC control number | ENG-101452 |
| 020 ## - INTERNATIONAL STANDARD BOOK NUMBER | |
| International Standard Book Number | 9788181373595 |
| Terms of availability | 324.00 |
| 020 ## - INTERNATIONAL STANDARD BOOK NUMBER | |
| International Standard Book Number | 8181373596 |
| Terms of availability | 324.00 |
| 035 ## - SYSTEM CONTROL NUMBER | |
| System control number | EN-84985 |
| 037 ## - SOURCE OF ACQUISITION | |
| Source of stock number/acquisition | DBAD/PUB |
| 082 ## - DEWEY DECIMAL CLASSIFICATION NUMBER | |
| Classification number | 510 |
| 100 ## - MAIN ENTRY--PERSONAL NAME | |
| Personal name | Majeed,A. |
| 245 ## - TITLE STATEMENT | |
| Title | Together with AIEEE mathematics including mathematical reasoning / |
| Statement of responsibility, etc | by A. Majeed |
| 260 ## - PUBLICATION, DISTRIBUTION, ETC. (IMPRINT) | |
| Place of publication, distribution, etc | New Delhi |
| Name of publisher, distributor, etc | Rachna Sagar |
| Date of publication, distribution, etc | 2009 |
| 270 ## - ADDRESS | |
| Address | 79, Kedarnath Marg,Opp. Ansari Market,Daryaganj |
| City | New Delhi |
| Postal code | 110002 |
| 300 6# - PHYSICAL DESCRIPTION | |
| Extent | 654p. |
| Dimensions | 27cm (pbk) |
| 942 ## - ADDED ENTRY ELEMENTS (KOHA) | |
| Source of classification or shelving scheme | Dewey Decimal Classification |
| Item type | English Books |
| Classification part | 510 |
| Call number suffix | MAJ |
| Withdrawn status | Lost status | Not for loan | Collection code | Home library | Current library | Date acquired | Source of acquisition | Cost, normal purchase price | Full call number | Barcode | Copy number | Cost, replacement price | Koha item type |
|---|---|---|---|---|---|---|---|---|---|---|---|---|---|
| Not For Loan | Non-fiction | D.B.Act.Division | D.B.Act.Division | 08/09/2010 | DBAD/PUB | 324.00 | 510 MAJ | EN-84985 | 1 | 324.00 | English Books |
